000 00736pam a2200229 a 4500
001 2032289
005 20180308044654.0
008 920713s1993 maua b 001 0 eng
010 _a 92026429
020 _a0205140483
040 _aDLC
_beng
_cDLC
_dDLC
041 _aeng
080 _a658.5 HEI
082 0 0 _a658.5 HEI
_220
100 1 _a54
101 _aMO
245 1 0 _aProduction and operations management :
_cJay Heizer, Barry Render.
504 _aIncludes bibliographical references and index.
906 _a7
_bcbc
_corignew
_d1
_eocip
_f19
_gy-gencatlg
942 _2ddc
_cBK
999 _c44425
_d44425